Statistics for 最高気温が40℃以上を観測したことがある自治体

Click here to take the quiz!

General Stats

  • This quiz has been taken 4 times
  • The average score is 26 of 32

Answer Stats

都道府県名年月日最高気温Answer% Correct
静岡県2020/08/1741.1℃浜松市
100%
群馬県1998/07/0440.3℃高崎市
100%
埼玉県2018/07/2341.1℃熊谷市
100%
群馬県2007/08/1640.3℃館林市
100%
山梨県2013/08/1040.5℃甲州市
100%
新潟県2019/08/1440.3℃上越市
100%
山梨県2013/08/1040.7℃甲府市
100%
東京都2018/07/2340.8℃青梅市
100%
山形県1933/07/2540.8℃山形市
100%
群馬県2001/07/2440.0℃前橋市
100%
静岡県2020/08/1640.9℃浜松市
100%
岐阜県2007/08/1640.9℃多治見市
100%
岐阜県2018/08/0841.0℃美濃市
100%
高知県2013/08/1241.0℃四万十市
100%
愛知県2018/08/0340.3℃名古屋市
100%
山形県1978/08/0340.1℃酒田市
75%
愛媛県1927/07/2240.2℃宇和島市
75%
石川県2023/08/1040.0℃小松市
75%
新潟県2020/09/0340.4℃三条市
75%
山形県2019/08/1540.4℃鶴岡市
75%
埼玉県2007/08/1640.4℃越谷市
75%
群馬県2020/08/1140.5℃桐生市
75%
群馬県2020/08/1140.5℃伊勢崎市
75%
新潟県2019/08/1540.6℃長岡市
75%
新潟県2018/08/2340.8℃胎内市
75%
岐阜県2018/08/0641.0℃下呂市
75%
愛知県1994/08/0540.3℃愛西市
50%
千葉県2004/07/2040.2℃市原市
50%
埼玉県2020/08/1140.2℃比企郡鳩山町
50%
石川県2019/08/1540.1℃羽咋郡志賀町
50%
和歌山県1994/08/0840.6℃伊都郡かつらぎ町
50%
福島県2023/08/0540.0℃伊達市
50%

Score Distribution

Percentile by Number Answered

Percent of People with Each Score

Your Score History

You have not taken this quiz